• 首页
  • 本馆介绍
  • 公告通知
  • 最新文献
  • 馆藏检索
  • 电子资源
  • 读者导购
  • 参考咨询
  • 我的图书馆
  • 登录
  • 详细信息显示
  • 放入我的书架
  • 预约/预借图书
  • 作者相关作品
  • 分类相关作品
  • 丛书相关作品
  • 出版社相关作品

书目信息

  • 表格格式
  • 工作单格式
  • 卡片格式
题名:
法和经济学
    
 
作者: Cooter , 尤伦 , Ulen , 考特 著 ;张军 译
分册:  
出版信息: 上海   三联书店上海分店  1991
页数: 878页
开本: 19cm
丛书名: 当代经济学系列丛书
单 册:
中图分类: F08:D91
科图分类:
主题词: 经济学-方法论-应用-法学 , 方法论-经济学-应用-法学 , 法学-经济学-方法论-应用 , 经济学
电子资源:
ISBN: 7-5426-0545-3
000 01339nam2 2200373 45
001 0193000027
005 20061025151229.93
010    @a7-5426-0545-3@dCNY28.00
100    @a19930104d1991 kemy0chiy0121 ea
101 1  @achi@ceng
102    @aCN@b310000
105    @ay z 000yy
200 10 @a法和经济学@AFA HE JING JI XUE@f(美)考 特(Cooter,Robert),(美)尤 伦(Ulen,Thomas)著@F( MEI ) KAO TE (Cooter,Robert),( MEI ) YOU LUN (Ulen,Thomas) ZHU@g张 军等译
210    @a上海@c三联书店上海分店@d1991
215    @a878页@d19cm
225 2  @a当代经济学系列丛书@i当代经济学参考书系@f陈 昕主编
300    @a书名原文:Law and economics
314    @a罗伯特·考特,美国加州大学伯克利分校经济学教授
314    @a托马斯·尤伦,美国伊利诺斯大学厄巴那分校经济学教授
330    @a本书运用经济学的方法、概念研究近乎所有的法律等各种专门立法中的经济问题。
410  0 @120010@a当代经济学参考书系
510 1  @aLaw and economics@zeng
606    @a经济学-方法论-应用-法学
606    @a方法论-经济学-应用-法学
606    @a法学-经济学-方法论-应用
606 0  @a经济学
690    @aF08:D91@v4
701 A1 @aCooter@bRobert@4著
701  1 @a尤伦@AYOU LUN@b托马斯@4著
701 A1 @aUlen@bThomas@4著
701  1 @a考特@AKAO TE@b罗伯特@4著
702  0 @a张军@AZHANG JUN@4译
801  0 @aCN@bTSSF@c20061025
905    @a10447@dF08:D91@e4
    
    法和经济学/(美)考 特(Cooter,Robert),(美)尤 伦(Ulen,Thomas)著/张 军等译.-上海:三联书店上海分店,1991
    878页;19cm.-(当代经济学系列丛书.当代经济学参考书系/陈 昕主编)
    书名原文:Law and economics
    
    ISBN 7-5426-0545-3:CNY28.00
    本书运用经济学的方法、概念研究近乎所有的法律等各种专门立法中的经济问题。
●
相关链接 在E读中查询图书 在五车中查询图书 在当当中查询图书 在豆瓣中查询图书


正题名:法和经济学     索取号:F08:D91/4         预约/预借

序号 登录号 条形码 馆藏地/架位号 状态 备注
1 0249854   002060557   第一样本阅览室/ [索取号:F08:D91/4] 在馆    
唐山师范学院图书馆 欢迎您!
大连网信软件有限公司© 版权所有